| 000 | 00896nam0a22002771 4500 | ||
|---|---|---|---|
| 001 | rc\4168019 | ||
| 005 | 20250611115447.0 | ||
| 021 |
_aRU _b[50-21549] |
||
| 035 | _a(NLR Aleph) 008181136 | ||
| 090 |
_a7916186 _c7916186 |
||
| 100 | _a20130415d1950 |||y0rusy50 ca | ||
| 101 | 0 | _arus | |
| 102 | _aRU | ||
| 105 | _aa z ||||| | ||
| 200 | 1 | _aТеория газовых турбин | |
| 210 |
_aМосква _cИзд-во и 1-я тип. Машгиза в Л. _d1950 |
||
| 215 |
_a387 с., 1 л. черт. _cил. _d23 |
||
| 300 | _aПеред загл. авт.: проф. Я.И. Шнеэ | ||
| 320 | _aБиблиогр.: с. 383-384 (40 назв.) | ||
| 606 |
_aГазовые турбины _2psbo |
||
| 700 | 1 |
_aШнее _bЯ.И. _f1901- _gЯков Исидорович |
|
| 801 | 0 |
_aRU _bNLR _gpsbo |
|
| 801 | 1 |
_aRU _bELAR _2rusmarc |
|
| 852 |
_aNLR _jТ14 Г-5/311 |
||
| 942 | _cBOOK | ||
| 980 | _aNB | ||